00000000nam 2200000za 4500
0019.856070
003CaOODSP
00520221107155443
007cr |||||||||||
008180502s1984    onc    #o    f|0| 0 eng d
020 |z0-660-52809-6
040 |aCaOODSP|beng
043 |an-cn---
0861 |aCS83-603/1984E-PDF
24500|aCanadian Workload Measurement System - respiratory technology/pulmonary function|h[electronic resource].
250 |a1985/86 ed.
260 |aOttawa : |bStatistics Canada, |c1984.
300 |a32 p.
500 |aIssued also in French under title: Système canadien de mesure du travail - inhalothérapie/fonction pulmonaire.
500 |aDigitized edition from print [produced by Statistics Canada].
520 |a"This workload measurement system provides a scientific basis by which to record the testing and therapeutic activities of a respiratory department/pulmonary function laboratory and to measure the related technical and support activities in standardized units of personnel time"--p. 6
69207|2gccst|aHealth care facilities
69207|2gccst|aTherapy
69207|2gccst|aWorking conditions
7101 |aCanada. |bStatistics Canada. |bHealth Division.
77508|tSystème canadien de mesure du travail - inhalothérapie/fonction pulmonaire |w(CaOODSP)9.856073
85640|qPDF|s1.05 MB|uhttps://publications.gc.ca/collections/collection_2018/statcan/CS83-603-1984-eng.pdf
986 |a83-603E